NMHC 50 (Record no. 78822)
[ view plain ]
| 000 -LEADER | |
|---|---|
| fixed length control field | 00908cab a22001935a 4500 |
| 001 - CONTROL NUMBER | |
| control field | L138225 |
| 008 - FIXED-LENGTH DATA ELEMENTS--GENERAL INFORMATION | |
| fixed length control field | 070523e2007 xxka f 000 0 eng d |
| 035 ## - SYSTEM CONTROL NUMBER | |
| System control number | (Sirsi) u138225 |
| 041 0# - LANGUAGE CODE | |
| Language code of text/sound track or separate title | eng |
| 110 2# - MAIN ENTRY--CORPORATE NAME | |
| Corporate name or jurisdiction name as entry element | National Multi Housing Council |
| 9 (RLIN) | 5206 |
| 245 00 - TITLE STATEMENT | |
| Title | NMHC 50 |
| Remainder of title | the nation's 50 largest apartment owners and 50 largest appartment managers |
| 260 ## - PUBLICATION, DISTRIBUTION, ETC. | |
| Date of publication, distribution, etc. | 2007 |
| 490 #0 - SERIES STATEMENT | |
| Series statement | National Real Estate Investor |
| Volume/sequential designation | 49(4) supplement April 2007, 1-15(13) |
| 520 ## - SUMMARY, ETC. | |
| Summary, etc. | Provides tables ranking the United States' largest apartment owners and managers, providing details of their number of properties, their corporate officers and the locations of their head quarters. Discusses market fundamentals for the industry, REITs in the sector, and managerial approaches. |
| 590 ## - LOCAL NOTE (RLIN) | |
| Local note | KA |
| 651 #4 - SUBJECT ADDED ENTRY--GEOGRAPHIC NAME | |
| Geographic name | UNITED STATES |
| 690 ## - LOCAL SUBJECT ADDED ENTRY--TOPICAL TERM (OCLC, RLIN) | |
| Topical term or geographic name as entry element | PROPERTY-RESIDENTIAL PROPERTY-DOMESTIC RESIDENTIAL PROPERTY-HOUSING-FLATS |
| 942 ## - ADDED ENTRY ELEMENTS (KOHA) | |
| Suppress in OPAC | 0 |
| Withdrawn status | Lost status | Source of classification or shelving scheme | Damaged status | Not for loan | Home library | Current library | Shelving location | Date acquired | Total Checkouts | Barcode | Date last seen | Copy number | Price effective from | Koha item type |
|---|---|---|---|---|---|---|---|---|---|---|---|---|---|---|
| Dewey Decimal Classification | London | London | Journal article | 23/05/2007 | 138225-1001 | 06/08/2019 | 1 | 06/08/2019 | Journal article |